Top 100 Girl Names 1900 - UK - Statistics

General Stats
  • This quiz has been taken 234 times
  • The average score is 64 of 100
Answer Stats
Answer % Correct
1 M Mary
100%
52 A Ann
96%
50 E Eliza
95%
6 E Elizabeth
93%
80 L Lizzie
93%
71 M Maggie
89%
11 M Margaret
89%
27 R Rose
86%
32 F Frances
85%
5 A Alice
84%
13 S Sarah
84%
2 F Florence
83%
84 F Florrie
83%
36 E Emma
82%
82 R Rachel
82%
30 C Catherine
81%
29 J Jane
81%
75 H Helen
80%
88 V Victoria
79%
96 I Isabel
78%
66 R Ruth
78%
64 C Charlotte
77%
21 E Emily
77%
42 G Grace
77%
19 V Violet
77%
63 L Laura
75%
3 A Annie
74%
48 L Lucy
74%
34 O Olive
74%
53 E Eleanor
73%
15 E Ellen
73%
54 H Harriet
73%
17 L Lily
73%
68 C Caroline
72%
4 E Edith
72%
26 I Ivy
72%
40 L Louisa
72%
41 A Amy
71%
47 H Hannah
71%
92 R Rebecca
71%
8 D Dorothy
69%
94 E Ella
67%
85 M Maria
67%
79 E Eveline
66%
46 E Evelyn
66%
100 S Susan
66%
59 E Esther
65%
45 D Daisy
64%
61 N Nora
64%
73 N Norah
64%
22 B Beatrice
63%
37 E Eva
63%
65 I Irene
63%
93 J Julia
63%
49 K Kate
63%
24 M May
63%
10 D Doris
62%
72 E Edna
62%
74 A Amelia
61%
9 E Ethel
61%
44 M Martha
61%
20 A Ada
60%
98 J Janet
59%
7 E Elsie
58%
12 G Gladys
57%
60 I Isabella
57%
58 I Ida
56%
77 V Vera
56%
43 C Clara
55%
57 D Dora
55%
28 G Gertrude
55%
91 R Rosa
55%
87 R Ruby
55%
31 K Kathleen
54%
81 M Marion
53%
18 W Winifred
53%
51 B Bertha
52%
39 M Maud
49%
33 A Agnes
48%
35 J Jessie
47%
69 F Fanny
46%
16 H Hilda
46%
14 L Lilian
46%
86 L Lydia
46%
25 M Mabel
46%
97 M Matilda
46%
62 M Marjorie
45%
23 N Nellie
44%
99 P Phoebe
41%
55 P Phyllis
41%
67 B Bessie
40%
95 H Henrietta
40%
38 M Minnie
39%
89 M Miriam
38%
76 M Mildred
36%
56 C Constance
32%
70 M Muriel
32%
90 B Blanche
29%
78 G Gwendoline
22%
83 R Rosina
21%
No matching quizzes found
Score Distribution
Percent of People with Each Score
Percentile by Number Answered
Your Score History
You have not taken this quiz